000 00799nam a2200241Ia 4500
003 OSt
005 20220923214917.0
006 a|||||r|||| 00| 0
007 ta
008 220922b |||||||| |||| 00| 0 hin d
024 _a173,715
037 _cTextual
040 _aARTS
_cARTS
_bhin
041 _2hin
_ahin
082 _aO152,4M84x, K5
100 _aवाजपेयी, किशोरी दास
245 0 _aआचार्य द्विवेदी और उनके संगी साथी
246 _aĀchārya dvivedī aur unake sangī sāthī
260 _c1965
650 _aहिन्दी साहित्य
_9156264
942 _hO152,4M84x, K5
_cTEXL
_2CC
999 _c327579
_d327579